| 000 | 01122nac a22002291u 4500 | ||
|---|---|---|---|
| 010 | _a 2005057245 | ||
| 020 | _a9781405116022 (alk. paper) | ||
| 020 | _a9781405116039 (pbk. : alk. paper) | ||
| 020 | _a1405116021 (alk. paper) | ||
| 020 | _a140511603X (pbk. : alk. paper) | ||
| 082 | 0 | 0 |
_a297.0956 _bM2899 |
| 090 |
_c2782 _d2782 |
||
| 100 | _aMakris, G. P. | ||
| 245 | 1 | 0 |
_aIslam in the Middle East : _ba living tradition / _cG.P. Makris. |
| 260 |
_aMalden, MA : _bBlackwell Pub.,2006 _c2006. |
||
| 504 | _aIncludes bibliographical references and index. | ||
| 505 | 0 | _aThe Islamic community through history -- The foundations of Islamic doctrine and the community of believers -- Authority and knowledge -- The five pillars -- Islamic mysticism -- Islamic reformism -- Islamism: a general overview -- Islamism at the local level. | |
| 650 | 0 |
_aIslam _zMiddle East _xHistory. |
|
| 650 | 0 |
_aReligious awakening _xIslam. |
|
| 942 |
_cBB _k297.0956M2899 |
||
| 999 |
_c2782 _d2782 |
||